<?xml version="1.0" encoding="UTF-8"?>
<record
    xmlns:xsi="http://www.w3.org/2001/XMLSchema-instance"
    xsi:schemaLocation="http://www.loc.gov/MARC21/slim http://www.loc.gov/standards/marcxml/schema/MARC21slim.xsd"
    xmlns="http://www.loc.gov/MARC21/slim">

  <leader>03530cam a2200337 i 4500</leader>
  <controlfield tag="001">17829256</controlfield>
  <controlfield tag="005">20260502112647.0</controlfield>
  <controlfield tag="008">130729s2014    nyu      b    001 0 eng  </controlfield>
  <datafield tag="010" ind1=" " ind2=" ">
    <subfield code="a">  2013025547</subfield>
  </datafield>
  <datafield tag="020" ind1=" " ind2=" ">
    <subfield code="a">9781438451633</subfield>
  </datafield>
  <datafield tag="035" ind1=" " ind2=" ">
    <subfield code="a">17829256</subfield>
  </datafield>
  <datafield tag="040" ind1=" " ind2=" ">
    <subfield code="a">DLC</subfield>
    <subfield code="b">IRDP</subfield>
    <subfield code="c">DLC</subfield>
    <subfield code="e">rda</subfield>
    <subfield code="d">DLC</subfield>
  </datafield>
  <datafield tag="042" ind1=" " ind2=" ">
    <subfield code="a">pcc</subfield>
  </datafield>
  <datafield tag="050" ind1="0" ind2="0">
    <subfield code="a">HM1271</subfield>
    <subfield code="b">.D5843 2014</subfield>
  </datafield>
  <datafield tag="082" ind1="0" ind2="0">
    <subfield code="a">305.800 973 DIV</subfield>
    <subfield code="2">23</subfield>
  </datafield>
  <datafield tag="245" ind1="0" ind2="0">
    <subfield code="a">Diversity, social justice, and inclusive excellence :</subfield>
    <subfield code="b">transdisciplinary and global perspectives /</subfield>
    <subfield code="c">edited by Seth N. Asumah and Mechthild Nagel.</subfield>
  </datafield>
  <datafield tag="300" ind1=" " ind2=" ">
    <subfield code="a">xxii, 445 pages ;</subfield>
    <subfield code="c">24 cm</subfield>
  </datafield>
  <datafield tag="504" ind1=" " ind2=" ">
    <subfield code="a">Includes bibliographical references and index.</subfield>
  </datafield>
  <datafield tag="505" ind1="0" ind2=" ">
    <subfield code="a">About the contributors -- Preface / Seth N. Asumah and Mechthild Nagel -- Doing diversity for cultural competence, social justice and inclusive excellence -- Five faces of oppression / Iris Marion Young -- The vicissitudes of cultural competence : dealing with difficult classroom dialogue / Elizabeth Davis-Russell and Gale Young -- Gender, race, class, homosexuality, disability, immigration and animal oppression in the United States -- Teaching feminist pedagogy on race and gender : beyond the additive approach? / Mechthild Nagel -- Beyond the pale : reflections on the vulnerability of Black life in the United States / Mechthild Nagel -- Women's work trips and multifaceted oppression / Ibipo Johnston-Anumonwo -- Racial identity and policy making : redefining whiteness / Seth N. Asumah -- Examining cyberstalking through the prism of race and gender / Tosha A. Asumah and Debra F. Glaser -- Framing the same-sex marriage issue as equity / Christopher P. Latimer -- Oppression's three new faces : rethinking Iris Young's "Five faces of oppression" for disability theory / Elizabeth Purcell -- Gender and the politics of invisible disability / Nancy J. Hirschmann -- Stigmatized, marginalized, and ill : the oppression of people with serious mental illness / Diane C. Gooding and William T. L. Cox -- Rethinking United States immigration policy, diversity, and the politics of exclusion / Seth N. Asumah and Matthew Todd Bradley -- The faces of animal oppression / Lori Gruen -- Doing diversity worldwide for global justice -- The tale of two worlds : unpacking the power of the global North over the global South / Gowri Parameswaran -- Feeding the city and financing the family : women market traders in Suva, Fiji / Susan C. Dewey and Cema Bolabola -- China in Africa : dislocating cultures, reexamining the role of the nation state and the China model in the process of development / Seth N. Asumah -- Political struggle of rural migrant hostesses for first-class citizenship in postsocialist China / Tiantian Zheng -- Understanding disability rights in a global context / Janet M. Duncan -- Islam, rentier states and the quest for democracy in the Middle East and Africa / Seth N. Asumah -- African relational democracy : reframing diversity, economic development and society-centered governance for the twenty-first century / Seth N. Asumah -- Index.</subfield>
  </datafield>
  <datafield tag="650" ind1=" " ind2="0">
    <subfield code="a">Cultural pluralism.</subfield>
  </datafield>
  <datafield tag="650" ind1=" " ind2="0">
    <subfield code="a">Social justice.</subfield>
  </datafield>
  <datafield tag="650" ind1=" " ind2="0">
    <subfield code="a">Racism.</subfield>
  </datafield>
  <datafield tag="650" ind1=" " ind2="0">
    <subfield code="a">Black people</subfield>
    <subfield code="x">Race identity</subfield>
    <subfield code="z">United States.</subfield>
  </datafield>
  <datafield tag="650" ind1=" " ind2="0">
    <subfield code="a">People with mental disabilities</subfield>
    <subfield code="x">Government policy</subfield>
    <subfield code="z">United States.</subfield>
  </datafield>
  <datafield tag="650" ind1=" " ind2="0">
    <subfield code="a">Oppression (Psychology)</subfield>
  </datafield>
  <datafield tag="650" ind1=" " ind2="0">
    <subfield code="a">Sex role.</subfield>
  </datafield>
  <datafield tag="700" ind1="1" ind2=" ">
    <subfield code="a">Asumah, Seth Nii,</subfield>
    <subfield code="d">1954-</subfield>
    <subfield code="e">editor of compilation.</subfield>
  </datafield>
  <datafield tag="906" ind1=" " ind2=" ">
    <subfield code="a">7</subfield>
    <subfield code="b">cbc</subfield>
    <subfield code="c">orignew</subfield>
    <subfield code="d">1</subfield>
    <subfield code="e">ecip</subfield>
    <subfield code="f">20</subfield>
    <subfield code="g">y-gencatlg</subfield>
  </datafield>
  <datafield tag="942" ind1=" " ind2=" ">
    <subfield code="2">ddc</subfield>
    <subfield code="c">BOOKS</subfield>
  </datafield>
  <datafield tag="999" ind1=" " ind2=" ">
    <subfield code="c">9506</subfield>
    <subfield code="d">9506</subfield>
  </datafield>
  <datafield tag="952" ind1=" " ind2=" ">
    <subfield code="0">0</subfield>
    <subfield code="1">0</subfield>
    <subfield code="2">ddc</subfield>
    <subfield code="4">0</subfield>
    <subfield code="7">0</subfield>
    <subfield code="a">1000</subfield>
    <subfield code="b">1000</subfield>
    <subfield code="c">Ground Floor </subfield>
    <subfield code="d">2026-05-02</subfield>
    <subfield code="l">0</subfield>
    <subfield code="o">305.800 973 DIV</subfield>
    <subfield code="p">LIB*7964</subfield>
    <subfield code="r">2026-05-02</subfield>
    <subfield code="w">2026-05-02</subfield>
    <subfield code="y">BOOKS</subfield>
  </datafield>
</record>
